000 00669nam a22002297a 4500
003 UA-OsUOA
001 87106
007 ta
008 20120914b un ||||| |||| 00| 0 ukr d
100 _aШошин Вл.
090 _a82.09
_bШ82
942 _cBK
040 _aUA-OsUOA
_brus
_cUA-OsUOA
_dUA-OsUOA
245 _aНиколай Тихонов. Очерк жизни и творчества
300 _a304 с.
955 _a3
041 _arus
080 _a82.09
260 _aЛенинград
_bХудожественная литература
_c1981
650 7 _a82 Література. Літературознавство
_2UDC
999 _c373404
_d373404